Loading...
| History - European History | 4 | 1 | 1 | 0 | 65 | 18 | 52.00 | 5 | 5 |
| History - Other History | 1 | 4 | 1 | 0 | 50 | 59 | 79.40 | 3 | 5 |
| History - World History | 1 | 4 | 1 | 0 | 50 | 65 | 80.40 | 3 | 5 |
| History - American History | 1 | 2 | 1 | 0 | 30 | 28 | 64.67 | 2 | 3 |
| Social Science | 0 | 2 | 0 | 1 | 20 | 96 | 97.50 | 0 | 2 |
| Geography | 0 | 2 | 0 | 0 | 20 | 73 | 83.50 | 1 | 2 |
| Fine Arts - Auditory Fine Arts | 0 | 1 | 0 | 1 | 10 | 156 | 156.00 | 0 | 1 |
| Religion | 1 | 0 | 1 | 0 | 10 | 62 | 62.00 | 1 | 1 |
| Fine Arts - Visual Fine Arts | 1 | 0 | 1 | 0 | 10 | 50 | 50.00 | 1 | 1 |
| Literature - British Literature | 0 | 1 | 0 | 0 | 10 | 95 | 95.00 | 0 | 1 |
| Mythology | 0 | 1 | 0 | 0 | 10 | 130 | 130.00 | 0 | 1 |
| Other Academic | 0 | 1 | 0 | 0 | 10 | 80 | 80.00 | 1 | 1 |
| Philosophy | 0 | 1 | 0 | 1 | 10 | 138 | 138.00 | 0 | 1 |
| Fine Arts - Other Fine Arts | 0 | 1 | 1 | 0 | 5 | 78 | 78.00 | 0 | 1 |
| Literature - American Literature | 0 | 1 | 1 | 0 | 5 | 114 | 114.00 | 1 | 1 |